000 00283nam a22001217a 4500
005 20230722095646.0
008 230722b ||||| |||| 00| 0 eng d
040 _cAL
041 _aeng
245 _aStudy on labour welfare facilities provided
260 _c2003
942 _2ddc
_cBK
999 _c228067
_d228067